00501nam a2200133 a 450000100100000000500170001000800410002704000250006824501430009325000200023626000640025630000270032070000200034700003809820201002031156.0130313s1993 dr a 000 0 spa d aDO-SdBNPbspacBNPHU00aTalleres de capacitación en educación y prevención transmisión VIH/sida :bManual de instrucción /cEnrique Báez ...[et. al.]. a2a ed. Revisada aSanto Domingo :bPatronato de Lucha Contra el SIDA ,c1993. a23 p. :bil. ;c27 cm.1 aBáez, Enrique